000 00461nam a2200121Ia 4500
008 220616s9999||||xx |||||||||||||| ||und||
100 _aDuru, Maureen
245 0 _aDiaspora, Food and Identity
_bNigerian Migrants in Belgium (Edition 1)
546 _aEnglish[eng]
650 _aSocial Science||Sociology||Urban||Social Science||Demography||History||Africa
856 _uhttps://library.oapen.org/bitstream/20.500.12657/46712/1/external_content.epub
942 _cEB
999 _c19366
_d19366